000 00261nam a2200097Ia 4500
001 1250031
005 20251031150848.0
008 251031s9999 xx 000 0 und d
245 0 _cDEBORAH HOPKİNSON
_aW-7 BİR HİKAYENİN HİKAYESİ
260 _bALTIN KİTAPLAR
999 _c1250031
_d1250031